|
|
|
|
| LEADER |
00956nam a2200289 a 4500 |
| 001 |
000477520 |
| 003 |
CZ BrMZK |
| 005 |
20080729110135.0 |
| 007 |
ta |
| 008 |
010907s1978 xo b slo d |
| 040 |
|
|
|a BOA001
|b cze
|
| 041 |
1 |
|
|a slo
|h cze
|
| 080 |
9 |
|
|a 821.162.3-32
|
| 080 |
9 |
|
|a 82-93
|
| 100 |
1 |
|
|a Ivanov, Miroslav,
|d 1929-1999
|7 jk01050574
|4 aut
|
| 245 |
1 |
0 |
|a Ako rybárik blúdil po Prahe /
|c Miroslav Ivanov ; z čes. rukop. prel. Gabriel Rapoš ; il. Zdeněk Mlčoch
|
| 250 |
|
|
|a 1. vyd.
|
| 260 |
|
|
|a Bratislava :
|b Mladé letá,
|c 1978
|
| 300 |
|
|
|a 46 s.
|
| 521 |
8 |
|
|a Pro čtenáře od 6 let
|
| 700 |
1 |
|
|a Rapoš, Gabriel,
|d 1917-1994
|7 ola2002153023
|4 trl
|
| 765 |
0 |
|
|t Jak ledňáček bloudil Prahou
|9 Slovensky
|
| 910 |
|
|
|a BOA001
|b 3-0803.084
|
| 964 |
|
|
|a Praha - průvodci - publikace pro děti
|
| 990 |
|
|
|a BK
|
| 991 |
|
|
|b 200807
|
| 996 |
7 |
|
|b 2619576945
|c 3-0803.084
|l MZK
|r Sklad / do 1 hodiny
|n 0
|w 000477520
|u 000010
|a 1
|e BOA001
|j MZK50
|s A
|